| 000 | 00861nam a22002177a 4500 | ||
|---|---|---|---|
| 999 |
_c7935 _d7935 |
||
| 003 | AR-CdUCM | ||
| 008 | 190321b ||||| |||| 00| 0 spa d | ||
| 020 | _a84-7232-316-1 | ||
| 040 |
_aMUNICIPALIDAD PROVINCIAL DEL CUSCO _cBIBLIOTECA MUNICIPAL DEL CUSCO |
||
| 082 |
_a630.980 / _bV69 |
||
| 100 |
_aVigorito, Raúl. _911998 |
||
| 245 | _aTransnacionalización y desarrollo agropecuario en América Latina / | ||
| 260 |
_aMadrid : _bCultural Hispánica, _c1984. |
||
| 300 |
_a222 paginas ; _bCuadros, _c29 cm. |
||
| 505 | _aContenido : La agroindustria de exportación -- La agroindustria transnacional -- Agricultura y desarrollo en las economías avanzadas y en américa latina. | ||
| 650 |
_aDesarrollo y capitalismo _922419 |
||
| 650 |
_aProducción agrícola _914763 |
||
| 650 |
_aIndustria alimentaria _922420 |
||
| 942 |
_2ddc _cLIBROS |
||
| 945 | _awnts | ||